Tradiciones artículos históricos
Sparad:
| Huvudupphovsman: | |
|---|---|
| Materialtyp: | Bok |
| Språk: | spanska |
| Publicerad: |
Lima
Torres Aguirre
1899
|
| Upplaga: | 1a. ed |
| Ämnen: | |
| Taggar: |
Lägg till en tagg
Inga taggar, Lägg till första taggen!
|
MARC
| LEADER | 00000cam a2200000 a 4500 | ||
|---|---|---|---|
| 001 | UCE6481 | ||
| 003 | CL-VaPUC | ||
| 008 | 150416e18990000pe |||||||||||||||||spa|d | ||
| 082 | 0 | 4 | |a 985 |b PAL |2 21 |
| 100 | |a Palma, Ricardo |e autor |9 352070 | ||
| 245 | 1 | 0 | |a Tradiciones artículos históricos |
| 250 | |a 1a. ed | ||
| 300 | |a 280 p | ||
| 942 | |c BK | ||
| 945 | |d 20150416 10:41:00 |a arojas | ||
| 260 | |a Lima |b Torres Aguirre |c 1899 | ||
| 650 | 0 | |a Historia de Perú |9 316239 | |
| 650 | 7 | |a LEYENDAS |2 CL-VaPUC |9 265258 | |
| 583 | |a last modification |c 20150416 10:41:00 |k Rodrigo Vera | ||
| 999 | |c 358807 |d 358805 | ||
| 952 | |0 0 |1 0 |3 erd |4 0 |6 985_000000000000000_PAL_1899 |7 0 |8 X |9 467706 |a FDOBUD |b FDOBUD |e Villagrán Garnham, Jorge |i 5159466 |o 985 PAL 1899 |p 5159466 |r 2019-11-23 |w 2019-11-23 |y BK_X |z Catalogado en:20150416 |k BUD | ||